<?xml version="1.0" encoding="UTF-8"?>
<record
    xmlns:xsi="http://www.w3.org/2001/XMLSchema-instance"
    xsi:schemaLocation="http://www.loc.gov/MARC21/slim http://www.loc.gov/standards/marcxml/schema/MARC21slim.xsd"
    xmlns="http://www.loc.gov/MARC21/slim">

  <leader>01504nam a2200325 i 4500</leader>
  <controlfield tag="003">EG-GICUC</controlfield>
  <controlfield tag="005">20260430061740.0</controlfield>
  <controlfield tag="008">260430s1925    ua ||||fr|||| 00| 0 eng d</controlfield>
  <datafield tag="040" ind1=" " ind2=" ">
    <subfield code="a">EG-GiCUC</subfield>
    <subfield code="b">eng</subfield>
    <subfield code="c">EG-GiCUC</subfield>
    <subfield code="d">EG-GiCUC</subfield>
    <subfield code="e">rda</subfield>
  </datafield>
  <datafield tag="041" ind1=" " ind2="1">
    <subfield code="a">dan</subfield>
  </datafield>
  <datafield tag="082" ind1="0" ind2="4">
    <subfield code="2">21</subfield>
    <subfield code="a">343</subfield>
    <subfield code="b">CO</subfield>
  </datafield>
  <datafield tag="092" ind1="0" ind2="4">
    <subfield code="2">21</subfield>
  </datafield>
  <datafield tag="099" ind1=" " ind2=" ">
    <subfield code="a">Law1 10 343 CO 2 ed - 1925</subfield>
  </datafield>
  <datafield tag="245" ind1="0" ind2="2">
    <subfield code="a">A Collection Of Questions Of The Final Examinations = &#x645;&#x62C;&#x645;&#x648;&#x639;&#x629; &#x627;&#x644;&#x627;&#x645;&#x62A;&#x62D;&#x627;&#x646;&#x627;&#x62A; &#x627;&#x644;&#x646;&#x647;&#x627;&#x626;&#x64A;&#x629;  :</subfield>
    <subfield code="b">The Royal School Of Law Including The Licence Examinations From 1906 To March 1925 Inclusive = &#x627;&#x644;&#x645;&#x62F;&#x631;&#x633;&#x629; &#x627;&#x644;&#x62D;&#x642;&#x648;&#x642; &#x627;&#x644;&#x645;&#x644;&#x643;&#x64A;&#x629; &#x645;&#x646; &#x633;&#x646;&#x629; &#x661;&#x669;&#x660;&#x666; &#x644;&#x63A;&#x627;&#x64A;&#x629; &#x627;&#x645;&#x62A;&#x62D;&#x627;&#x646; &#x645;&#x627;&#x631;&#x633; &#x633;&#x646;&#x629; &#x661;&#x669;&#x662;&#x665; .</subfield>
    <subfield code="n">Part IV The Licence /</subfield>
    <subfield code="c">Collected &amp; Arranged By Ahmed Omar &amp; Ali Abel Aziz.</subfield>
  </datafield>
  <datafield tag="246" ind1=" " ind2="5">
    <subfield code="a">&#x645;&#x62C;&#x645;&#x648;&#x639;&#x629; &#x627;&#x644;&#x627;&#x645;&#x62A;&#x62D;&#x627;&#x646;&#x627;&#x62A; &#x627;&#x644;&#x646;&#x647;&#x627;&#x626;&#x64A;&#x629; &#x627;&#x644;&#x645;&#x62F;&#x631;&#x633;&#x629; &#x627;&#x644;&#x62D;&#x642;&#x648;&#x642; &#x627;&#x644;&#x645;&#x644;&#x643;&#x64A;&#x629; :</subfield>
    <subfield code="b">&#x645;&#x646; &#x633;&#x646;&#x629; &#x661;&#x669;&#x660;&#x666; &#x644;&#x63A;&#x627;&#x64A;&#x629; &#x627;&#x645;&#x62A;&#x62D;&#x627;&#x646; &#x645;&#x627;&#x631;&#x633; &#x633;&#x646;&#x629;  &#x661;&#x669;&#x662;&#x665;  &#x627;&#x644;&#x633;&#x646;&#x629; &#x627;&#x644;&#x623;&#x648;&#x644;&#x649;.</subfield>
  </datafield>
  <datafield tag="250" ind1=" " ind2=" ">
    <subfield code="a">2nd Edition,</subfield>
  </datafield>
  <datafield tag="264" ind1=" " ind2="1">
    <subfield code="a">Le Catre :</subfield>
    <subfield code="b"> Impr Al-eatemala,</subfield>
    <subfield code="c">1925.</subfield>
  </datafield>
  <datafield tag="300" ind1=" " ind2=" ">
    <subfield code="a">128 pages,</subfield>
    <subfield code="c">24 cm</subfield>
  </datafield>
  <datafield tag="336" ind1=" " ind2=" ">
    <subfield code="2">rda content</subfield>
    <subfield code="a">text</subfield>
  </datafield>
  <datafield tag="337" ind1=" " ind2=" ">
    <subfield code="2">rda media</subfield>
    <subfield code="a">Computer</subfield>
  </datafield>
  <datafield tag="338" ind1=" " ind2=" ">
    <subfield code="2">rda carrier</subfield>
    <subfield code="a">Online Resource</subfield>
  </datafield>
  <datafield tag="546" ind1=" " ind2=" ">
    <subfield code="a"> Parallel text in Arabic and English</subfield>
  </datafield>
  <datafield tag="650" ind1="1" ind2="4">
    <subfield code="a">&#x627;&#x644;&#x642;&#x627;&#x646;&#x648;&#x646; &#x627;&#x644;&#x62C;&#x646;&#x627;&#x626;&#x64A;</subfield>
  </datafield>
  <datafield tag="650" ind1="1" ind2="4">
    <subfield code="a">Criminal law</subfield>
  </datafield>
  <datafield tag="700" ind1="0" ind2=" ">
    <subfield code="a"> Ahmed Omar</subfield>
    <subfield code="e">Compiler.</subfield>
  </datafield>
  <datafield tag="700" ind1="0" ind2=" ">
    <subfield code="a"> Ali Abel Aziz</subfield>
    <subfield code="e">Compiler.</subfield>
  </datafield>
  <datafield tag="856" ind1="4" ind2="0">
    <subfield code="u">https://fll.law.cu.edu.eg/fulltext/bks/B10-11067.pdf</subfield>
  </datafield>
  <datafield tag="905" ind1=" " ind2=" ">
    <subfield code="a">48</subfield>
  </datafield>
  <datafield tag="942" ind1=" " ind2=" ">
    <subfield code="2">ddc</subfield>
    <subfield code="c">BK</subfield>
    <subfield code="e">21</subfield>
    <subfield code="n">0</subfield>
  </datafield>
  <datafield tag="999" ind1=" " ind2=" ">
    <subfield code="c">74362</subfield>
    <subfield code="d">74362</subfield>
  </datafield>
  <datafield tag="952" ind1=" " ind2=" ">
    <subfield code="0">0</subfield>
    <subfield code="1">0</subfield>
    <subfield code="2">ddc</subfield>
    <subfield code="4">0</subfield>
    <subfield code="7">1</subfield>
    <subfield code="8">&#x627;&#x644;&#x642;&#x627;&#x646;&#x648;&#x646; &#x627;&#x644;&#x62C;&#x646;&#x627;&#x626;&#x64A;</subfield>
    <subfield code="a">CU</subfield>
    <subfield code="b">LAW1</subfield>
    <subfield code="d">2026-04-30</subfield>
    <subfield code="l">0</subfield>
    <subfield code="o">Law1 10 343 CO 2 ed - 1925 1011067 V4, C1</subfield>
    <subfield code="p">B10-11067</subfield>
    <subfield code="r">2026-04-30 06:18:36</subfield>
    <subfield code="t">1</subfield>
    <subfield code="w">2026-04-30</subfield>
    <subfield code="y">BK</subfield>
  </datafield>
</record>
